Az emlékezés művészetfilozófiájáról
Elmentve itt :
| Szerző: | |
|---|---|
| Adatforrás: | Meister |
| Forrásdokumentuma: | Korunk. - 6 sz., 1997, 85-90 p. |
| Nyelv: | magyar |
| Kulcsszavak: | művészetfilozófia pszichológia esztétika szemantika-szemiotika emlékezés operatív emlékezet hermeneutika irodalom tudat megértés GADAMER Hans-Georg BERGSON Henri LUKÁCS György FÜLEP Lajos FOUCAULT Michel |
| LEADER | 00764nab a2200289 i 4500 | ||
|---|---|---|---|
| 001 | bibPRO00000543 | ||
| 008 | 060524s1997 xx hun | ||
| 040 | |a Sz1 | ||
| 041 | |a hun | ||
| 100 | 1 | |a MÁTÉ Zsuzsanna | |
| 245 | 1 | 3 | |a Az emlékezés művészetfilozófiájáról |c MÁTÉ Zsuzsanna |
| 695 | |a művészetfilozófia | ||
| 695 | |a pszichológia | ||
| 695 | |a esztétika | ||
| 695 | |a szemantika-szemiotika | ||
| 695 | |a emlékezés | ||
| 695 | |a operatív emlékezet | ||
| 695 | |a hermeneutika | ||
| 695 | |a irodalom | ||
| 695 | |a tudat | ||
| 695 | |a megértés | ||
| 695 | |a GADAMER Hans-Georg | ||
| 695 | |a BERGSON Henri | ||
| 695 | |a LUKÁCS György | ||
| 695 | |a FÜLEP Lajos | ||
| 695 | |a FOUCAULT Michel | ||
| 773 | 0 | |t Korunk. - |g 6 sz., 1997, 85-90 p. | |